000 00486nam a2200169 a 4500
005 20140310183437.0
008 080304s19uu xx 00 eng d
020 _a0671017152
050 _aPN 1992.77
_b.C873 1998
100 _aCover, Arthur Byron
245 _aBuffy the vampire slayer :
_bnight of the living rerun /
_cArthur Byron Cover.
260 _aNew York :
_bPocket Books,
_c1998.
300 _a289 p. :
_c18 cm.
650 _aFiction.
942 _cBK
_2lcc
999 _c22940
_d22940